<?xml version="1.0" encoding="UTF-8"?><?xml-stylesheet type="text/xsl" href="static/style.xsl"?><OAI-PMH xmlns="http://www.openarchives.org/OAI/2.0/" xmlns:xsi="http://www.w3.org/2001/XMLSchema-instance" xsi:schemaLocation="http://www.openarchives.org/OAI/2.0/ http://www.openarchives.org/OAI/2.0/OAI-PMH.xsd"><responseDate>2026-04-17T14:37:07Z</responseDate><request verb="GetRecord" identifier="oai:www.recercat.cat:20.500.12327/871" metadataPrefix="marc">https://recercat.cat/oai/request</request><GetRecord><record><header><identifier>oai:recercat.cat:20.500.12327/871</identifier><datestamp>2025-10-22T11:15:26Z</datestamp><setSpec>com_2072_4428</setSpec><setSpec>com_2072_4427</setSpec><setSpec>col_2072_487898</setSpec></header><metadata><record xmlns="http://www.loc.gov/MARC21/slim" xmlns:dcterms="http://purl.org/dc/terms/" xmlns:xsi="http://www.w3.org/2001/XMLSchema-instance" xmlns:doc="http://www.lyncode.com/xoai" xsi:schemaLocation="http://www.loc.gov/MARC21/slim http://www.loc.gov/standards/marcxml/schema/MARC21slim.xsd">
   <leader>00925njm 22002777a 4500</leader>
   <datafield ind2=" " ind1=" " tag="042">
      <subfield code="a">dc</subfield>
   </datafield>
   <datafield ind2=" " ind1=" " tag="720">
      <subfield code="a">Andree, Karl B.</subfield>
      <subfield code="e">author</subfield>
   </datafield>
   <datafield ind2=" " ind1=" " tag="720">
      <subfield code="a">Carrasco, Noelia</subfield>
      <subfield code="e">author</subfield>
   </datafield>
   <datafield ind2=" " ind1=" " tag="720">
      <subfield code="a">Carella, Francesca</subfield>
      <subfield code="e">author</subfield>
   </datafield>
   <datafield ind2=" " ind1=" " tag="720">
      <subfield code="a">Furones, Dolors</subfield>
      <subfield code="e">author</subfield>
   </datafield>
   <datafield ind2=" " ind1=" " tag="720">
      <subfield code="a">Prado, Patricia</subfield>
      <subfield code="e">author</subfield>
   </datafield>
   <datafield ind2=" " ind1=" " tag="260">
      <subfield code="c">2020-06-27</subfield>
   </datafield>
   <datafield ind2=" " ind1=" " tag="520">
      <subfield code="a">Aims&#xd;
Extreme mortality events affecting Pinna nobilis, some associated to Vibrio mediterranei, have depleted many populations of this bivalve. The objective of this study was to demonstrate pathogenicity of V. mediterranei in the host P. nobilis by performing a bacterial challenge in P. nobilis to understand if V. mediterranei has specific virulence in this host. To assist this objective, a secondary objective was to develop a species‐specific DNA diagnostic test.&#xd;
&#xd;
Methods and Results&#xd;
P. nobilis collected from local bays were used in a challenge experiment with V. mediterranei (strain IRTA18‐108). Virulence in the host background of P. nobilis was demonstrated at doses of 103 CFUs / animal.&#xd;
&#xd;
An alignment of published Vibrio spp. atpA sequences was used to design V. mediterranei ‐specific primers. Further, data mining of published literature and V. mediterranei genomes identified multiple virulence‐related genes (vir genes) from which specific primers were designed for PCR detection of selected genes.&#xd;
&#xd;
Conclusion&#xd;
V. mediterranei strain IRTA18‐108 is pathogenic in the host P. nobilis . The virulence genes sod, rtx , and mshA were identified in this strain. Temperatures of 24ºC or higher appear to trigger onset of virulence. Sensitivity and specificity of the Vm atpA PCR is useful for diagnosis of Vibriosis in shellfish.&#xd;
&#xd;
Significance and Impact of the Study&#xd;
The presence of previously described virulence genes have been confirmed in this strain. The specific Vm atpA PCR assay will aid management of future epizootics of this emerging pathogen of aquatic fauna, and improve surveillance capabilities for mortality events where Vibrios are suspect.</subfield>
   </datafield>
   <datafield ind1="8" ind2=" " tag="024">
      <subfield code="a">Andree, Karl B., Noelia Carrasco, Francesca Carella, Dolors Furones, and Patricia Prado. 2020. "Vibrio Mediterranei , A Potential Emerging Pathogen Of Marine Fauna: Investigation Of Pathogenicity Using A Bacterial Challenge In Pinna Nobilis And Development Of A Species‐Specific PCR". Journal Of Applied Microbiology. doi:10.1111/jam.14756.</subfield>
   </datafield>
   <datafield ind1="8" ind2=" " tag="024">
      <subfield code="a">1364-5072</subfield>
   </datafield>
   <datafield ind1="8" ind2=" " tag="024">
      <subfield code="a">http://hdl.handle.net/20.500.12327/871</subfield>
   </datafield>
   <datafield ind1="8" ind2=" " tag="024">
      <subfield code="a">https://doi.org/10.1111/jam.14756</subfield>
   </datafield>
   <datafield ind2="0" ind1="0" tag="245">
      <subfield code="a">Vibrio mediterranei, a Potential Emerging Pathogen of Marine Fauna: Investigation of pathogenicity using a bacterial challenge in Pinna nobilis and development of a species‐specific PCR</subfield>
   </datafield>
</record></metadata></record></GetRecord></OAI-PMH>